| 000 | 00519nam a2200169Ia 4500 | ||
|---|---|---|---|
| 005 | 20250424120321.0 | ||
| 008 | 250424s9999 xx 000 0 und d | ||
| 022 | _a00346543 | ||
| 050 | _aLB 1028 .R4/ | ||
| 245 | 0 | _aReview of educational research | |
| 260 | _aWashington | ||
| 260 | _bAmerican Educational Research Association. | ||
| 260 | _c2009 | ||
| 300 | _av. 1326 p. ; 24 cm. | ||
| 650 | _aEducation--Periodicals. Education--United States--Periodicals. Education--Bibliography--Periodicals. | ||
| 942 | _cSR | ||
| 999 |
_c38627 _d38627 |
||